000 00546nam a2200181 i 4500
001 31304
003 ES-MaACL
005 20251015063047.0
007 t|
008 030128s1881 fr ||||1| fre d
100 1 _aBeaunis, Henri Étienne,
_d1830-1921
_9125879
245 1 0 _aNoveaux éléments de physicologie humaine /
_cpor H. Beaunis.
250 _a2eme ed. entièrement refondue.
260 _aParís :
_bJ.B. Baillière,
_c1881.
300 _a2 v. :
_bil. ;
_c25 cm.
852 _aES-MaACL
_jG-10812-3
999 _c31304
_d31304